000 00675nam a2200193 a 4500
001 BRCA_1017
005 20190320203238.0
008 071105s2002----enka---###---#000-0#eng-#
020 _a3822816620
050 4 _aNB60
_b.S38 2002
245 1 0 _aSculpture
_bfrom Antiquity to the Present Day : from the Eighth Century BC to the Twentieth Century
_cedited by Georges Duby and Jean-Luc Daval.
260 _aLondres
_bTaschen
_c2002
300 _a1151 p.
_bil. (algunas a color)
_c27 cm.
650 1 4 _aEscultura
_xHistoria
_93347
650 1 4 _aEscultura moderna
_xHistoria
_ySiglos XVIII a XX
_93348
700 1 _aDuby, Georges
_93349
700 1 _aDaval, Jean-Luc
_93350
942 _2lcc
_cB
999 _c897
_d897